000 01812nam0a2200337 4500
001 RU\NLR\bibl\467105
005 20260406125018.0
010 _a5-94849-365-2
_96000
021 _aRU
_b2003-56593
_92761
035 _a(NLR Aleph) 000460441
090 _a930457
_c930457
100 _a20031201d2003 |||y0rusy50 ca
101 0 _arus
102 _aRU
105 _ay |||||||||
200 1 _aИзбранные сочинения
_fИван Алексеевич Бунин
_g[Сост., вступ. ст., коммент. к.филол.н., доц. С.Р. Федякин
_gНауч. ред. к.филол.н. П.В. Басинский]
210 _aМ.
_cОлма-Пресс Образование
_d2003
215 _a827,[3] с.
_d19
225 1 _aБиблиотека школьника
320 _aБиблиогр. в конце кн.
327 0 _aСодерж.: Жизнь Арсеньева: Роман; Повести. Рассказы: Танька; Антоновские яблоки; Цифры; Деревня; Суходол и др.; Из кн. "Темные аллеи": Темные аллеи; Руся; Натали и др.; Стихотворения
_aВ кн. также: Критика и воспоминания об. И.А. Бунине
686 _aШ9(2)62=Р5-4
700 1 _4070
_8rus
_7ca
_aБунин
_bИ. А.
_f1870-1953
_gИван Алексеевич
_3RU\NLR\auth\771321
_9111348
702 1 _4220
_8rus
_7ca
_aФедякин
_bС.Р.
_gСергей Романович
_3RU\NLR\auth\7719961
_93030
702 1 _4070
_8rus
_7ca
_aБасинский
_bП. В.
_f1961-
_gПавел Валерьевич
_3RU\NLR\auth\7720411
_93479
801 0 _aRU
_bNLR
_c20031201
_gPSBO
801 1 _aRU
_bNLR
_c20031201
942 _cBOOK
980 _aNB